| 000 | 01100nab a22002057i 4500 | ||
|---|---|---|---|
| 001 | 768714001 | ||
| 003 | CO-MdFUSB | ||
| 005 | 20240426093023.0 | ||
| 008 | 240425t1980 us ||||| |||| 00| 0 eng d | ||
| 040 |
_bspa _cCO-MdFUSB _dCO-MdFUSB |
||
| 041 | _aeng | ||
| 100 |
_aHolck, Manfred _eautor |
||
| 245 | 1 |
_aPastors' pay : _bwho sets it and how? _c/ Manfred Holck, Jr. |
|
| 300 |
_aVolumen 1, número 1 (winter, 1980), páginas: 39 - 44 _c; 27 cm |
||
| 520 | _aEl tema de este artículo es el pago de los pastores: ¿Quién lo fija y cómo?. Los planes de pago afectan en gran medida las actitudes y el desempeño de los pastores. La administración salarial improvisada puede ser desastrosa, pero delegar la tarea a un comité competente y procedimientos cuidadosamente desarrollados son la forma de evitar el caos en materia de remuneraciones. | ||
| 650 | 0 |
_aCristianismo y economía _91199 |
|
| 650 | 0 |
_aFinanzas de la Iglesia _91119 |
|
| 773 | 0 |
_068780 _982543 _oR2477 _tLeadership : _w(CO-MdFUSB)768714001 _gVolumen 1, número 1 (winter, 1980), páginas: 39 - 44 _qpágina: 39 |
|
| 942 | _cANA | ||
| 999 |
_c69359 _d69359 |
||